Seis danzas españolas / (Record no. 121579)

MARC details
000 -LEADER
campo de control de longitud fija 00434nam a2200157 4500
001 - NÚMERO DE CONTROL
campo de control 121579
003 - IDENTIFICADOR DE NÚMERO DE CONTROL
campo de control ES-MaACL
005 - FECHA Y HORA DE LA ÚLTIMA TRANSACCIÓN
campo de control 20230906191758.0
007 - CAMPO FIJO DE DESCRIPCIÓN FÍSICA--INFORMACIÓN GENERAL
campo de control de longitud fija t|
008 - DATOS DE LONGITUD FIJA--INFORMACIÓN GENERAL
campo de control de longitud fija 070214q1953 sp r ||||1| spa d
100 1# - ENTRADA PRINCIPAL--NOMBRE DE PERSONA
Nombre de persona Porras Moya, V.
9 (RLIN) 93156
245 10 - MENCIÓN DEL TÍTULO
Título Seis danzas españolas /
Mención de responsabilidad, etc. V. Porras Moya.
260 ## - PUBLICACIÓN, DISTRIBUCIÓN, ETC.
Lugar de publicación, distribución, etc. Madrid :
Nombre del editor, distribuidor, etc. Unión Musical Española,
Fecha de publicación, distribución, etc. [1953?]
300 ## - DESCRIPCIÓN FÍSICA
Extensión 21 p. ;
Dimensiones 33 cm.
852 ## - LOCALIZACIÓN
Ubicación ES-MaACL
Número de control de estantería 1718-F-15
Sublocalización o colección R.34843
Holdings
Estatus retirado Estado de pérdida Estado de daño No para préstamo Colección Biblioteca de origen Biblioteca actual Ubicación en estantería Fecha de adquisición Fuente de adquisición Total de préstamos Signatura topográfica completa Código de barras Visto por última vez Precio de reemplazo Tipo de ítem Koha
        Colección de folletos Biblioteca del Ateneo de Madrid Biblioteca del Ateneo de Madrid Depósito folletos 17/01/2008     1718-F-15 1126702 23/02/2023 23/02/2023 Folleto